Statistics for 99 Boys Names

Click here to take the quiz!

General Stats

  • This quiz has been taken 171 times
  • The average score is 34 of 99

Answer Stats

Answer% Correct
John
89%
James
86%
Jack
85%
William
84%
Michael
79%
Matthew
78%
Thomas
78%
David
77%
Daniel
69%
Jackson
69%
Henry
67%
Charles
66%
Samuel
66%
Jose
65%
Christopher
64%
Robert
64%
Jacob
61%
Oliver
61%
Luke
60%
Nathan
60%
Benjamin
59%
Jason
59%
Adam
58%
Joseph
58%
Joshua
58%
Alexander
56%
Andrew
56%
Liam
56%
Noah
55%
Ethan
53%
Kevin
52%
Nicholas
50%
Ryan
49%
Jonathan
45%
Justin
44%
Anthony
42%
Zachary
41%
Tyler
40%
Ian
39%
Lucas
39%
Mason
38%
Isaac
37%
Brandon
36%
Aiden
35%
Eli
34%
Christian
33%
Jordan
32%
Aaron
29%
Evan
29%
Leo
29%
Connor
27%
Owen
27%
Jayden
26%
Logan
26%
Cameron
25%
Dylan
25%
Jaxon
25%
Nathaniel
25%
Caleb
24%
Elijah
24%
Jeremiah
24%
Juan
21%
Hunter
20%
Xavier
20%
Isaiah
19%
Adrian
17%
Blake
17%
Gabriel
16%
Sebastian
15%
Carter
12%
Parker
12%
Austin
11%
Brayden
11%
Jaxson
11%
Josiah
11%
Dominic
10%
Gavin
10%
Levi
10%
Wyatt
10%
Carson
9%
Cooper
9%
Asher
8%
Chase
8%
Colton
8%
Grayson
8%
Brody
7%
Landon
7%
Nolan
7%
Angel
6%
Lincoln
6%
Hudson
5%
Kayden
5%
Jace
4%
Luis
4%
Ayden
2%
Bentley
2%
Easton
2%
Julien
2%
Ryder
2%

Score Distribution

Percentile by Number Answered

Percent of People with Each Score

Your Score History

You have not taken this quiz